Geografía 2 : Sociedad y naturaleza en América Latina /
Guardado en:
| Autor Principal: | |
|---|---|
| Otros Autores: | , , , , , |
| Formato: | Libro |
| Idioma: | Undetermined |
| Publicado: |
Ciudad Autónoma de Buenos Aires :
Tinta Fresca,
2015.
|
| Series: | Huellas. Saber Hacer
|
| Materias: | |
| Etiquetas: |
Agregar Etiqueta
Sin Etiquetas, Sea el primero en etiquetar este registro!
|
| LEADER | 01626nam a22002895a 4500 | ||
|---|---|---|---|
| 001 | CEM.cems019918 | ||
| 008 | 230321s2015####xx############000#0#und#d | ||
| 005 | 20230321125441.0 | ||
| 245 | 1 | 0 | |a Geografía 2 : |b Sociedad y naturaleza en América Latina / |c Mariana Márquez y otros. |
| 260 | |a Ciudad Autónoma de Buenos Aires : |b Tinta Fresca, |c 2015. | ||
| 300 | |a 240 p. | ||
| 490 | 1 | |a Huellas. Saber Hacer | |
| 500 | |a Enseñanza secundaria. | ||
| 505 | 0 | |a América: imaginarios geográficos y realidades -- La cartografía en el pasado y en el presente -- El espacio americano en el tiempo -- La población latinoamericana -- Los grandes conjuntos del relieve americano -- Los climas y los biomas de América -- Recursos Hídricos en América -- La relación sociedad-naturaleza -- La organización política y económica de América Latina -- Espacios rurales y actividades primarias en América Latina -- Las ciudades latinoamericanas -- La industria y los servicios en las ciudades latinoamericanas -- Los bloques de integración regional -- El control de los recursos naturales estratégicos -- Espacio, política y poder en los movimientos sociales | |
| 020 | |a 9789500115902 | ||
| 100 | 1 | |a Márquez, Mariana. | |
| 700 | 1 | |a Domínguez Roca, Luis. | |
| 700 | 1 | |a Alvarado Quetgles, Raquel. | |
| 700 | 1 | |a González, Silvia. | |
| 700 | 1 | |a Apaolaza, Ricardo. | |
| 700 | 1 | |a Carbajales, Marcela. | |
| 700 | 1 | |a de Estrada, María. | |
| 650 | 7 | |a Geografía | |
| 650 | 7 | |a Geografía de América | |
| 650 | 7 | |a Geografía de América Latina | |
| 650 | 7 | |a Sociedad | |
| 859 | |a CEMS |b BIB. CEMS - Agricultura |h 918 |i M348 |p A3483.23 |t Ej.1 | ||
